000 00622nam a2200253Ia 4500
003 OSt
005 20221007074700.0
006 a|||||r|||| 00| 0
007 ta
008 221006b |||||||| |||| 00| 0 eng d
024 _a6,947
037 _cTextual
040 _aFLL
_cFLL
_beng
041 _2eng
_aeng
082 _aN2,94, N7
100 _aRatanlal
245 0 _aLaw of evidence
250 _a19th
260 _aNagpur
_bWadhwa and Company India
_c1997
300 _a572p
_ccm.
700 _a Dhirajlal
942 _hN2,94, N7
_cTEXL
_2CC
999 _c1153317
_d1153317